Orissa : (Record no. 44108)

MARC details
000 -LEADER
fixed length control field 00588nam a22002177a 4500
003 - CONTROL NUMBER IDENTIFIER
control field CUTN
005 - DATE AND TIME OF LATEST TRANSACTION
control field 20250325163313.0
008 - FIXED-LENGTH DATA ELEMENTS--GENERAL INFORMATION
fixed length control field 250325b |||||||| |||| 00| 0 eng d
020 ## - INTERNATIONAL STANDARD BOOK NUMBER
International Standard Book Number 9789355275851
041 ## - LANGUAGE CODE
Language English
082 ## - DEWEY DECIMAL CLASSIFICATION NUMBER
Classification number 915.4
Item number HUN
100 ## - MAIN ENTRY--PERSONAL NAME
Personal name Hunter, William Wilson
245 ## - TITLE STATEMENT
Title Orissa :
Remainder of title Volumes 1 to 2 /
260 ## - PUBLICATION, DISTRIBUTION, ETC. (IMPRINT)
Place of publication, distribution, etc Chennai:
Name of publisher, distributor, etc MJP Publishers,
Date of publication, distribution, etc 2023.
300 ## - PHYSICAL DESCRIPTION
Extent 852 pages :
505 ## - FORMATTED CONTENTS NOTE
Title Orissa, Volumes 1
-- Orissa, Volumes 2
650 ## - SUBJECT ADDED ENTRY--TOPICAL TERM
Topical term or geographic name as entry element Odisha (India)—History
650 ## - SUBJECT ADDED ENTRY--TOPICAL TERM
Topical term or geographic name as entry element Odisha (India)—Geography
650 ## - SUBJECT ADDED ENTRY--TOPICAL TERM
Topical term or geographic name as entry element Travelogue
942 ## - ADDED ENTRY ELEMENTS (KOHA)
Source of classification or shelving scheme Dewey Decimal Classification
Koha item type General Books
Holdings
Withdrawn status Lost status Source of classification or shelving scheme Damaged status Not for loan Collection code Home library Location Shelving location Date of Cataloging Total Checkouts Full call number Barcode Date last seen Price effective from Koha item type Date checked out
    Dewey Decimal Classification     Non-fiction CUTN Central Library CUTN Central Library History & Geography 25/03/2025   915.4 HUN 51752 25/03/2025 25/03/2025 General Books  
    Dewey Decimal Classification     Non-fiction CUTN Central Library CUTN Central Library History & Geography 25/03/2025 1 915.4 HUN 51753 08/11/2025 25/03/2025 General Books 24/10/2025